Anne Frank (Secret Annex) - People - Statistics

General Stats
  • This quiz has been taken 30 times
  • The average score is 7 of 15
Answer Stats
Answer % Correct
Anne Frank
100%
Margot Frank
93%
Otto Frank
85%
Edith Frank
70%
Peter van Pels
67%
Miep Gies
52%
Fritz Pfeffer
41%
Hermann van Pels
26%
Jan Gies
26%
Victor Kugler
26%
Auguste van Pels
22%
Bep Voskuijl
22%
Karl Josef Silberbauer
22%
Johannes Hendrik Voskuijl
15%
Johannes Kleiman
15%
No matching quizzes found
Score Distribution
Percent of People with Each Score
Percentile by Number Answered
Your Score History
You have not taken this quiz